00511 a2200157 4500001000700000020001800007040002200025041001600047082002100063100002200084245005500106260003300161300000700194362001300201500013900214135255 a85-99386-01-8 cLeonardo Da Vinci aPortuguês a658 S628abS628a aSIQUEIRA, Belmiro aAdm. Belmiro Siqueirabpatrono dos administradores bCRA-RJc2005aRio de Janeiro a55 a20050000 aConselho Regional de AdministraçãoaCoordenação de Adilson de Almeida, Leonardo R. FuerthaColaboração de Jovelino G Pires